00331nam a2200121Ia 4500008004100000041000800041082001500049100000900064245004500073260003900118300001000157520004200167240719s9999 xx 000 0 und d aeng a299.93 OSH aOsho aCreativity: Unleashing The Forces Within aNew YorkbSt. Martin's Pressc1999 a194 P aFaculty Purchase By Dr. Senthil Kumar